[Event "XXXV Festival A"]
[Site "Arco ITA"]
[Date "2013.10.12"]
[Round "1"]
[White "Beltrami, Nerio"]
[Black "Drasko, Milan"]
[WhiteElo "1908"]
[BlackElo "2451"]
[Result "1/2-1/2"]
[PlyCount "124"]
[EventDate "2013.10.12"]

1. e4 e6 2. d4 d5 3. e5 c5 4. c3 Nc6 5. Nf3 Bd7 6. Be2 Rc8 7. O-O a6 8. Na3
cxd4 9. cxd4 Bxa3 10. bxa3 Nge7 11. Rb1 Na5 12. a4 Bc6 13. Ba3 Nc4 14. Bc5 Qd7
15. Qb3 O-O 16. Rfc1 Rfe8 17. Bd1 Ng6 18. h4 f6 19. Bc2 fxe5 20. Bxg6 hxg6 21.
Nxe5 Nxe5 22. dxe5 Qf7 23. Qb4 Qf5 24. Bd6 Qe4 25. Qxe4 dxe4 26. Rb4 Bd5 27.
Rxc8 Rxc8 28. a3 Rc2 29. Rd4 Kf7 30. a5 g5 31. hxg5 Kg6 32. Bb4 e3 33. fxe3
Rxg2+ 34. Kf1 Rxg5 35. Bd6 Kh5 36. Rf4 Rg3 37. e4 Bc6 38. Kf2 Rb3 39. Rf3 Rb2+
40. Ke3 g5 41. Rf8 Rb3+ 42. Kd4 Rb1 43. Rh8+ Kg4 44. Rh6 Rd1+ 45. Kc5 Bxe4 46.
Rxe6 Kf3 47. Rf6+ Ke3 48. Bc7 Rd5+ 49. Kb6 Rb5+ 50. Ka7 Bd5 51. e6 Bc6 52. e7
Bd7 53. Re6+ Kf3 54. e8=Q Bxe8 55. Rxe8 g4 56. Re5 Rb3 57. Rf5+ Ke2 58. Rf4 Rc3
59. Bb8 Rxa3 60. Bc7 g3 61. Rg4 Kf2 62. Rxg3 Rxa5 1/2-1/2

[Event "XXXV Festival A"]
[Site "Arco ITA"]
[Date "2013.10.12"]
[Round "1"]
[White "Blasco, Domenico"]
[Black "Schnitzspan, Lothar"]
[WhiteElo "1903"]
[BlackElo "2324"]
[Result "0-1"]
[PlyCount "118"]
[EventDate "2013.10.12"]

1. d4 Nf6 2. Nf3 g6 3. Nc3 d5 4. Bf4 c6 5. Qd2 Bf5 6. h3 Na6 7. a3 Bg7 8. Ne5
O-O 9. g4 Be6 10. Bh6 Ne4 11. Nxe4 dxe4 12. Bxg7 Kxg7 13. Bg2 f6 14. Nxc6 bxc6
15. Bxe4 Bd5 16. Qd3 Bxe4 17. Qxe4 Qd5 18. f3 Qxe4 19. fxe4 e5 20. O-O-O Rfd8
21. d5 c5 22. c4 Rab8 23. Kc2 Nc7 24. Rb1 a5 25. Rhd1 Na6 26. Rd3 Rd6 27. Rb3
Rdb6 28. Rxb6 Rxb6 29. Rf1 Nb8 30. Rf3 Nd7 31. Rb3 Kf7 32. Rf3 Ke7 33. Kc3 Rb8
34. Kc2 Kd6 35. Rg3 Kc7 36. h4 a4 37. h5 g5 38. Rf3 Rf8 39. b3 axb3+ 40. Kxb3
Rb8+ 41. Kc2 Rb7 42. Rf1 Kd6 43. Rf3 Ke7 44. a4 Rb4 45. Ra3 Rxc4+ 46. Kd3 Rd4+
47. Ke3 Nb8 48. Rb3 Rb4 49. Ra3 Na6 50. Kd3 Kd6 51. Ra1 Rd4+ 52. Ke3 Nb4 53.
Rb1 Nc2+ 54. Kf3 Rb4 55. Rf1 Rb3+ 56. e3 Nxe3 57. Rc1 Nxd5+ 58. Ke2 Nc3+ 59.
Kf2 Nxe4+ 0-1

[Event "XXXV Festival A"]
[Site "Arco ITA"]
[Date "2013.10.12"]
[Round "1"]
[White "Bruno, Fabio"]
[Black "Bisignano, Giuseppe"]
[WhiteElo "2408"]
[BlackElo "1908"]
[Result "1-0"]
[PlyCount "49"]
[EventDate "2013.10.12"]

1. d4 Nf6 2. Nf3 d6 3. c4 g6 4. Nc3 Bg7 5. Bf4 O-O 6. e3 c6 7. Be2 Nbd7 8. h3
Qa5 9. O-O e5 10. Bh2 Re8 11. Rb1 e4 12. Nd2 d5 13. cxd5 Nxd5 14. Ndxe4 f5 15.
Nxd5 cxd5 16. Nd6 Re6 17. Rc1 Qd8 18. Nb5 Rc6 19. Nc7 Rxc7 20. Rxc7 Nf6 21. Qb3
b6 22. Rfc1 Be6 23. Be5 Bf8 24. R7c6 Kf7 25. Rxe6 1-0

[Event "XXXV Festival A"]
[Site "Arco ITA"]
[Date "2013.10.12"]
[Round "1"]
[White "Caorlin, Marco"]
[Black "Bonagura, Stefano"]
[WhiteElo "1860"]
[BlackElo "2183"]
[Result "1/2-1/2"]
[PlyCount "165"]
[EventDate "2013.10.12"]

1. e4 c6 2. d4 d5 3. Nc3 g6 4. e5 Nh6 5. Bg5 f6 6. exf6 exf6 7. Qe2+ Kf7 8. Be3
Bg7 9. O-O-O Re8 10. Qd2 Nf5 11. Bd3 Nxe3 12. fxe3 Bh6 13. Re1 Qe7 14. Nd1 c5
15. Bb5 Nc6 16. Nf3 Bg4 17. Bxc6 bxc6 18. Rhf1 Kg7 19. h3 Bxf3 20. Rxf3 cxd4
21. Qxd4 Qe5 22. Qc5 Re6 23. Kb1 Qd6 24. Qa5 Qe7 25. Qc3 c5 26. Ref1 Re8 27. a3
Kf7 28. g4 Bg7 29. h4 Kg8 30. h5 Rb6 31. hxg6 hxg6 32. Qd3 Qe4 33. Qd2 Reb8 34.
Rf4 Qe5 35. c3 Bh6 36. R4f2 Bg7 37. Ka2 Qe6 38. Ka1 Rb3 39. Rf4 Qc6 40. R1f2
Qb7 41. Ra4 Rb6 42. Qd3 Kf7 43. Rd2 Rd6 44. e4 Qd7 45. Ra6 Rbb6 46. Rxb6 axb6
47. exd5 Bh6 48. g5 Bxg5 49. Rh2 Kg7 50. c4 b5 51. Nc3 Qg4 52. Qe2 Qxe2 53.
Rxe2 bxc4 54. Re7+ Kh6 55. Rc7 Be3 56. Rc6 Rd8 57. Rxf6 Bd4 58. Rf3 g5 59. Rh3+
Kg6 60. Kb1 g4 61. Rg3 Kh5 62. Kc2 Kh4 63. Rg2 Kh3 64. Re2 Bxc3 65. Kxc3 Rxd5
66. Kxc4 Rg5 67. a4 g3 68. a5 g2 69. Rxg2 Kxg2 70. a6 Rg6 71. Kb5 c4 72. a7 Rg8
73. Kxc4 Ra8 74. b4 Kf3 75. b5 Rxa7 76. b6 Ra1 77. Kc5 Rc1+ 78. Kd6 Ke4 79. b7
Rb1 80. Kc7 Rc1+ 81. Kd8 Rb1 82. Kc7 Rxb7+ 83. Kxb7 1/2-1/2

[Event "XXXV Festival A"]
[Site "Arco ITA"]
[Date "2013.10.12"]
[Round "1"]
[White "Dalla Vecchia, Paolo"]
[Black "Ambartsumova, Karina"]
[WhiteElo "1900"]
[BlackElo "2320"]
[Result "0-1"]
[PlyCount "68"]
[EventDate "2013.10.12"]

1. d4 Nf6 2. Nf3 e6 3. Bg5 h6 4. Bxf6 Qxf6 5. e4 d6 6. e5 Qe7 7. Nbd2 Nd7 8.
Bd3 g5 9. h3 Bg7 10. Qe2 dxe5 11. dxe5 Nc5 12. Bc4 Bd7 13. O-O-O O-O-O 14. Qe3
Kb8 15. Nd4 Na4 16. Bb5 Nxb2 17. Bxd7 Qxd7 18. Kxb2 Qxd4+ 19. Qxd4 Rxd4 20. Nf3
Rxd1 21. Rxd1 Kc8 22. c3 Rd8 23. Re1 c6 24. Kc2 Bf8 25. Nd2 Rd5 26. c4 Rxd2+
27. Kxd2 Bb4+ 28. Ke2 Bxe1 29. Kxe1 Kc7 30. Kd2 Kb6 31. Kc3 Kc5 32. a4 b5 33.
cxb5 cxb5 34. axb5 Kxb5 0-1

[Event "XXXV Festival A"]
[Site "Arco ITA"]
[Date "2013.10.12"]
[Round "1"]
[White "De Eccher, Stefano"]
[Black "Antoniacci, Riccardo"]
[WhiteElo "2239"]
[BlackElo "1885"]
[Result "1/2-1/2"]
[PlyCount "165"]
[EventDate "2013.10.12"]

1. e4 c5 2. c4 Nc6 3. Nc3 g6 4. g3 Bg7 5. Bg2 Nf6 6. Nge2 d6 7. O-O Be6 8. d3
Qc8 9. Nf4 Bd7 10. h3 h5 11. Kh2 Nd4 12. Nfd5 Nh7 13. f4 e6 14. Ne3 Bc6 15. Rb1
f5 16. b4 b6 17. bxc5 dxc5 18. Bb2 O-O 19. Nb5 Qd7 20. exf5 Bxg2 21. fxe6 Qxe6
22. Nxg2 Nxb5 23. Re1 Qf7 24. cxb5 Qxa2 25. Bxg7 Kxg7 26. Re7+ Rf7 27. Re2 Qd5
28. Re5 Qd7 29. Qe2 Rd8 30. Rd1 Nf6 31. Nh4 Re8 32. Re1 Rxe5 33. fxe5 Qxb5 34.
exf6+ Rxf6 35. Nf3 Qd7 36. h4 Qf7 37. Kg2 Qd5 38. Rf1 b5 39. Kh2 Qd7 40. Ng5
Rxf1 41. Qxf1 Qf5 42. Qg2 Qxd3 43. Qb7+ Kf6 44. Qc6+ Kg7 45. Ne6+ Kf7 46. Nf4
Qc2+ 47. Kg1 b4 48. Qd7+ Kf6 49. Qd6+ Kf7 50. Qe6+ Kg7 51. Qe7+ Kh6 52. Qf8+
Kh7 53. Qe7+ Kh6 54. Qe3 Qd1+ 55. Kf2 Qd4 56. Nd3+ Qxe3+ 57. Kxe3 b3 58. Nb2 g5
59. Ke4 gxh4 60. gxh4 Kg6 61. Ke5 a6 62. Ke6 a5 63. Ke5 c4 64. Nxc4 a4 65. Na3
b2 66. Ke6 Kg7 67. Kf5 Kh6 68. Kf6 Kh7 69. Kg5 Kg7 70. Kxh5 Kf6 71. Kg4 Kg6 72.
h5+ Kh6 73. Kh4 Kg7 74. Kg5 Kh7 75. h6 Kg8 76. Kg6 Kh8 77. Nb1 Kg8 78. Na3 Kh8
79. Nb1 Kg8 80. h7+ Kh8 81. Na3 b1=Q+ 82. Nxb1 a3 83. Nxa3 1/2-1/2

[Event "XXXV Festival A"]
[Site "Arco ITA"]
[Date "2013.10.12"]
[Round "1"]
[White "Huemmer, Bernd"]
[Black "Fratini, Mauro"]
[WhiteElo "2195"]
[BlackElo "1868"]
[Result "1-0"]
[PlyCount "83"]
[EventDate "2013.10.12"]

1. d4 d5 2. Nf3 Nf6 3. c3 c6 4. Bf4 e6 5. e3 Qb6 6. Qc2 Nbd7 7. Nbd2 c5 8. h3
cxd4 9. exd4 Bd6 10. Bxd6 Qxd6 11. Bd3 O-O 12. O-O b6 13. Rfe1 a5 14. Ne5 Ba6
15. a4 Bxd3 16. Qxd3 Qc7 17. Nef3 Rfe8 18. Rac1 Rac8 19. g3 Qb8 20. Kg2 Rc7 21.
Nb1 Rec8 22. Na3 Ne4 23. Nb5 Rb7 24. Nd2 Nd6 25. Nb1 Nxb5 26. Qxb5 Qd6 27. Na3
Qc6 28. Qb3 g6 29. Nb5 e5 30. dxe5 Nc5 31. Qd1 Re7 32. Kh2 Ne4 33. f3 Ng5 34.
h4 Ne6 35. Nd4 Qd7 36. Nxe6 Rxe6 37. b3 Rce8 38. Qd4 f6 39. f4 Qc6 40. Rcd1
fxe5 41. Rxe5 Rd6 42. c4 1-0

[Event "XXXV Festival A"]
[Site "Arco ITA"]
[Date "2013.10.12"]
[Round "1"]
[White "Ivanov, Mikhail M."]
[Black "Accardo, Maurizio"]
[WhiteElo "2347"]
[BlackElo "1903"]
[Result "1-0"]
[PlyCount "81"]
[EventDate "2013.10.12"]

1. d4 Nf6 2. c4 g6 3. Nc3 Bg7 4. e4 d6 5. Nge2 O-O 6. Ng3 a6 7. Be2 c5 8. d5 b5
9. cxb5 axb5 10. Bxb5 Ba6 11. Bxa6 Nxa6 12. O-O Qa5 13. Bd2 Rfb8 14. b3 Nc7 15.
a4 Qa6 16. Rb1 Nd7 17. f4 Qb7 18. Qc2 Bd4+ 19. Kh1 Ra6 20. Nce2 Bg7 21. Bc3
Bxc3 22. Qxc3 Rb6 23. Rf3 f6 24. Nf1 Qa6 25. Nc1 Rb4 26. Nd2 R4b7 27. Ra1 Qb6
28. Nd3 Qa7 29. Rg3 Na6 30. h4 Nb4 31. Nb2 Kf7 32. Nbc4 Nb6 33. Ne3 Qa6 34. a5
Nd7 35. Nec4 Rg8 36. Re1 Rbb8 37. e5 dxe5 38. fxe5 Nf8 39. d6 f5 40. e6+ Ke8
41. Qe5 1-0

[Event "XXXV Festival A"]
[Site "Arco ITA"]
[Date "2013.10.12"]
[Round "1"]
[White "Niccoli, Paolo"]
[Black "Zucchelli, Massimo"]
[WhiteElo "1870"]
[BlackElo "2199"]
[Result "0-1"]
[PlyCount "88"]
[EventDate "2013.10.12"]

1. g3 d5 2. Bg2 c6 3. d3 Nf6 4. Nf3 Bf5 5. O-O e6 6. c4 dxc4 7. dxc4 Nbd7 8.
Nc3 Be7 9. Bf4 O-O 10. Ne5 Nxe5 11. Bxe5 Qa5 12. Bf4 e5 13. Bd2 Qc7 14. Qb3 Be6
15. Qa4 Nd7 16. Ne4 Nb6 17. Qa5 Bxc4 18. Rfe1 f5 19. Nc5 Bf6 20. Rac1 Bf7 21.
Nxb7 Qxb7 22. Bxc6 Qb8 23. Bxa8 Qxa8 24. Bb4 Re8 25. Rc7 Nd5 26. Rxa7 Qc6 27.
Bd2 Bd8 28. Qa3 Qc2 29. Ba5 Be7 30. Qd3 Qc5 31. Qa6 e4 32. Rd1 f4 33. b4 Qc2
34. Re1 h5 35. b5 e3 36. f3 fxg3 37. hxg3 Nb4 38. Bxb4 Bxb4 39. Qb7 Rf8 40. Rf1
Qxe2 41. f4 Qg4 42. Qf3 e2 43. Qxg4 hxg4 44. Rb1 Bc5+ 0-1

[Event "XXXV Festival A"]
[Site "Arco ITA"]
[Date "2013.10.12"]
[Round "1"]
[White "Prosperi, Agostino"]
[Black "Valenti, Giuseppe"]
[WhiteElo "1848"]
[BlackElo "2177"]
[Result "0-1"]
[PlyCount "56"]
[EventDate "2013.10.12"]

1. d4 Nf6 2. c4 e6 3. Nc3 c5 4. Nf3 cxd4 5. Nxd4 a6 6. e3 Be7 7. Be2 d6 8. O-O
Qc7 9. Qc2 Nbd7 10. b3 Rb8 11. Bb2 b6 12. Rac1 Bb7 13. e4 O-O 14. h3 Rfe8 15.
Rfe1 Rbc8 16. Qb1 Qb8 17. Rcd1 Bf8 18. Nf3 Ba8 19. Bf1 Red8 20. Bd3 h6 21. Rd2
Bc6 22. Qd1 b5 23. Nd4 bxc4 24. Nxc6 Rxc6 25. Bxc4 Ne5 26. Be2 Rdc8 27. Na4
Nxe4 28. Bf3 Nxf3+ 0-1

[Event "XXXV Festival A"]
[Site "Arco ITA"]
[Date "2013.10.12"]
[Round "1"]
[White "Rahls, Peter"]
[Black "Perich, Stefano"]
[WhiteElo "2228"]
[BlackElo "1872"]
[Result "1-0"]
[PlyCount "53"]
[EventDate "2013.10.12"]

1. e4 g6 2. d4 Bg7 3. Nc3 d6 4. g3 b6 5. Bg2 Bb7 6. Nge2 e6 7. O-O Ne7 8. Be3
Nd7 9. Qd2 h6 10. Rad1 a6 11. f4 c6 12. g4 Nf6 13. h3 h5 14. g5 Nd7 15. Ng3 h4
16. Nh1 Qc7 17. Nf2 O-O-O 18. Ng4 d5 19. exd5 Nxd5 20. Nxd5 cxd5 21. Rf3 Nb8
22. Ne5 Nc6 23. Bf2 Nxe5 24. fxe5 Qe7 25. Rf1 Rdf8 26. Be3 Kb8 27. Qf2 1-0

[Event "XXXV Festival A"]
[Site "Arco ITA"]
[Date "2013.10.12"]
[Round "1"]
[White "Rocchetti, Marco"]
[Black "Kierzek, Matthias"]
[WhiteElo "1880"]
[BlackElo "2236"]
[Result "0-1"]
[PlyCount "58"]
[EventDate "2013.10.12"]

1. d4 d5 2. Nf3 c5 3. c3 Nc6 4. Bf4 Nf6 5. e3 Qb6 6. Qb3 c4 7. Qxb6 axb6 8. Na3
Ra5 9. Bc7 Nd7 10. Be2 e6 11. Nc2 Ra8 12. O-O b5 13. a3 Be7 14. Rfe1 Nf6 15.
Be5 Nxe5 16. dxe5 Ne4 17. Ncd4 Bd7 18. Rad1 O-O 19. Nd2 Nc5 20. f4 f6 21. N2f3
Ne4 22. g3 g5 23. Bf1 g4 24. exf6 gxf3 25. fxe7 f2+ 26. Kg2 fxe1=N+ 27. Rxe1
Rf7 28. Nf3 Rxe7 29. Ne5 Nd6 0-1

[Event "XXXV Festival A"]
[Site "Arco ITA"]
[Date "2013.10.12"]
[Round "1"]
[White "Roessner, Uwe"]
[Black "Vezzosi, Paolo"]
[WhiteElo "1888"]
[BlackElo "2267"]
[Result "0-1"]
[PlyCount "52"]
[EventDate "2013.10.12"]

1. c4 e5 2. g3 Nc6 3. Nc3 g6 4. Bg2 Bg7 5. Nf3 d6 6. O-O Nge7 7. d3 h6 8. Rb1
Be6 9. b4 Qd7 10. Re1 Bh3 11. Bh1 O-O 12. a4 f5 13. Qb3 Kh7 14. b5 Nd8 15. Ba3
Ne6 16. Nd2 Rab8 17. Nd5 f4 18. Nxe7 Qxe7 19. Ne4 Nd4 20. Qa2 f3 21. c5 Rbd8
22. cxd6 cxd6 23. b6 axb6 24. Rxb6 Qc7 25. Rxd6 Qa5 26. Rb1 Nxe2+ 0-1

[Event "XXXV Festival A"]
[Site "Arco ITA"]
[Date "2013.10.12"]
[Round "1"]
[White "Sprea, Giuseppe"]
[Black "Kveinys, Aloyzas"]
[WhiteElo "1910"]
[BlackElo "2511"]
[Result "0-1"]
[PlyCount "54"]
[EventDate "2013.10.12"]

1. d4 Nf6 2. c4 e6 3. Nf3 d5 4. g3 dxc4 5. Bg2 a6 6. O-O Nc6 7. Nc3 Rb8 8. Qc2
Be7 9. Rd1 O-O 10. e4 b5 11. h3 Bb7 12. Be3 Nb4 13. Qb1 Nd3 14. Ne1 b4 15. Nxd3
bxc3 16. Nc5 cxb2 17. Qxb2 Bxe4 18. Qc3 Bxg2 19. Kxg2 Bxc5 20. dxc5 Nd5 21. Qd4
c3 22. Kg1 c2 23. Rdc1 Rb4 24. Qd2 Qf6 25. Bg5 Qg6 26. Rxc2 h6 27. Be3 Nxe3 0-1

[Event "XXXV Festival A"]
[Site "Arco ITA"]
[Date "2013.10.12"]
[Round "1"]
[White "Van Der Heijden, Anton"]
[Black "Morselli, Stefano"]
[WhiteElo "2300"]
[BlackElo "1897"]
[Result "1-0"]
[PlyCount "41"]
[EventDate "2013.10.12"]

1. d4 Nf6 2. c4 e5 3. dxe5 Ne4 4. Nf3 Nc6 5. a3 a5 6. Qc2 d5 7. exd6 Bf5 8. Nc3
Nxd6 9. e4 Bg4 10. c5 Nc8 11. Bg5 f6 12. Rd1 Qe7 13. Nd5 Qf7 14. Bf4 Bxf3 15.
gxf3 Ne5 16. Bxe5 fxe5 17. Qc3 Ra7 18. Qxe5+ Be7 19. Nxc7+ Kf8 20. Ne6+ Ke8 21.
Bb5# 1-0

[Event "XXXV Festival A"]
[Site "Arco ITA"]
[Date "2013.10.12"]
[Round "1"]
[White "Wild, Katharina"]
[Black "De Santis, Alessio"]
[WhiteElo "1892"]
[BlackElo "2294"]
[Result "0-1"]
[PlyCount "82"]
[EventDate "2013.10.12"]

1. c4 f5 2. Nc3 Nf6 3. Nf3 d6 4. g3 g6 5. Bg2 Bg7 6. d3 O-O 7. O-O e5 8. e3 Nc6
9. Rb1 a5 10. a3 Nh5 11. Nd5 Ne7 12. Nd2 Nxd5 13. Bxd5+ Kh8 14. Bg2 f4 15. Ne4
c6 16. d4 fxg3 17. hxg3 d5 18. cxd5 cxd5 19. Nc3 e4 20. b4 Qg5 21. Bd2 Bg4 22.
Ne2 a4 23. Qe1 Bf3 24. Nf4 Nxf4 25. exf4 Qg4 26. Qe3 Rf5 27. Rfe1 Bh6 28. Rbc1
Raf8 29. Rc7 Bxf4 30. Bxf3 Bxe3 31. Bxg4 Bxf2+ 32. Kg2 Bxe1 33. Bxf5 Bxd2 34.
Bg4 Be3 35. Rxb7 Bxd4 36. Rd7 Rf2+ 37. Kh3 Ra2 38. Rxd5 Bg1 39. Rd8+ Kg7 40.
Rd7+ Kf6 41. Rd1 Rh2# 0-1

[Event "XXXV Festival A"]
[Site "Arco ITA"]
[Date "2013.10.13"]
[Round "2"]
[White "Ager, Josef"]
[Black "Pipitone, Antonio"]
[WhiteElo "2168"]
[BlackElo "1923"]
[Result "0-1"]
[PlyCount "107"]
[EventDate "2013.10.12"]

1. Nf3 Nf6 2. c4 g6 3. b4 Bg7 4. Bb2 O-O 5. d3 d5 6. Nbd2 c6 7. Qc2 e6 8. e3
Nbd7 9. Be2 Re8 10. d4 a5 11. Bc3 axb4 12. Bxb4 e5 13. dxe5 Nxe5 14. Nxe5 Rxe5
15. Bc3 Re8 16. Qb2 dxc4 17. Nxc4 b5 18. Rd1 Qe7 19. Nb6 Rb8 20. Nxc8 Rexc8 21.
O-O Ne8 22. Rc1 Bxc3 23. Rxc3 h5 24. Rfc1 c5 25. Bxb5 Nf6 26. a4 Ne4 27. Rc4
Rd8 28. R4c2 Rd5 29. f3 Nf6 30. e4 Re5 31. Qa3 Rc8 32. a5 Qd6 33. Qd3 Qc7 34.
a6 Qb6 35. Bc4 Rd8 36. Qb3 Qd6 37. Re1 Re7 38. Rcc1 Qe5 39. Qc3 Rd4 40. Bd5
Rxd5 41. exd5 Qxc3 42. Rxc3 Rxe1+ 43. Kf2 Ra1 44. Rxc5 Rxa6 45. Ke3 Kf8 46.
Rc8+ Ke7 47. Rc7+ Nd7 48. h4 Kd6 49. Rb7 Ra4 50. g3 Ne5 51. Ke2 Ra2+ 52. Kf1
Rd2 53. g4 hxg4 54. fxg4 0-1

[Event "XXXV Festival A"]
[Site "Arco ITA"]
[Date "2013.10.13"]
[Round "2"]
[White "Aigner, Georg"]
[Black "Rahls, Peter"]
[WhiteElo "1942"]
[BlackElo "2228"]
[Result "0-1"]
[PlyCount "153"]
[EventDate "2013.10.12"]

1. e4 c5 2. Nf3 e6 3. d4 cxd4 4. Nxd4 Nf6 5. Bd3 Nc6 6. Nxc6 bxc6 7. O-O d5 8.
e5 Nd7 9. Qe2 Nc5 10. Nd2 Nxd3 11. Qxd3 Be7 12. Nf3 O-O 13. Be3 a5 14. Qd2 c5
15. Bg5 Bb7 16. Bxe7 Qxe7 17. Rfe1 Rfd8 18. Qf4 h6 19. h4 d4 20. Nd2 Bd5 21.
Ne4 Bxe4 22. Qxe4 a4 23. Red1 Rab8 24. Rab1 Qd7 25. b3 a3 26. Qd3 Qc7 27. f4
Rbc8 28. Qc4 Qc6 29. Re1 d3 30. cxd3 Rd4 31. Qc1 Rxd3 32. Qc2 Qd5 33. Rbd1 Qd4+
34. Kh1 Rxd1 35. Qxd1 Qxf4 36. h5 c4 37. Qc1 Qh4+ 38. Kg1 Qd4+ 39. Qe3 Qxe3+
40. Rxe3 c3 41. Re1 Rc5 42. Rc1 Rxe5 43. Kf2 Rc5 44. Rc2 Kf8 45. Ke3 Rg5 46.
Kd4 Rxh5 47. Rxc3 Rd5+ 48. Ke3 Ke7 49. Rc7+ Rd7 50. Rc8 Ra7 51. Kd4 f6 52. b4
e5+ 53. Kd5 Rd7+ 54. Kc4 Rd2 55. Kb3 Rxg2 56. Kxa3 Kd7 57. Rc1 Rd2 58. b5 Rd6
59. Kb4 e4 60. a4 f5 61. a5 e3 62. a6 e2 63. Re1 Rd2 64. b6 Rb2+ 65. Ka5 f4 66.
Ra1 Ra2+ 67. Rxa2 e1=Q+ 68. Ka4 Qe4+ 69. Kb3 Qe3+ 70. Kc2 Qxb6 71. a7 Qc6+ 72.
Kb1 Qa8 73. Kc1 Ke6 74. Kd1 Kf5 75. Ke1 g5 76. Kf2 h5 77. Rc2 0-1

[Event "XXXV Festival A"]
[Site "Arco ITA"]
[Date "2013.10.13"]
[Round "2"]
[White "Antonelli, Fabrizio"]
[Black "Ivanov, Mikhail M."]
[WhiteElo "2029"]
[BlackElo "2347"]
[Result "0-1"]
[PlyCount "70"]
[EventDate "2013.10.12"]

1. e4 c5 2. Nf3 g6 3. Be2 Bg7 4. O-O Nc6 5. c3 Nf6 6. d3 O-O 7. Be3 b6 8. Qc1
Re8 9. Re1 d5 10. Nbd2 Bb7 11. Qc2 e5 12. Bg5 h6 13. Bh4 Qd7 14. Nf1 d4 15. c4
Nh5 16. N3d2 Nf4 17. Bg3 Nxe2+ 18. Rxe2 f5 19. f4 exf4 20. Bxf4 g5 21. Bg3 f4
22. Bf2 Ne5 23. Nf3 Nxf3+ 24. gxf3 g4 25. Be1 h5 26. Rf2 Be5 27. Rg2 Re7 28.
Qe2 Rg7 29. Rc1 Kh8 30. Rc2 Rag8 31. Qf2 Bc8 32. Kh1 g3 33. Qe2 h4 34. hxg3
hxg3 35. Kg1 Rh7 0-1

[Event "XXXV Festival A"]
[Site "Arco ITA"]
[Date "2013.10.13"]
[Round "2"]
[White "Casagrande, Fabio"]
[Black "Van Der Heijden, Anton"]
[WhiteElo "1983"]
[BlackElo "2300"]
[Result "0-1"]
[PlyCount "56"]
[EventDate "2013.10.12"]

1. e4 c5 2. Nc3 Nc6 3. f4 g6 4. Nf3 Bg7 5. Bb5 Nd4 6. O-O Nxb5 7. Nxb5 d5 8.
exd5 a6 9. Nc3 Nf6 10. d4 c4 11. Qe2 b5 12. Ne5 Bb7 13. f5 O-O 14. fxg6 hxg6
15. Ng4 Nxg4 16. Qxg4 b4 17. Ne2 Qxd5 18. c3 bxc3 19. bxc3 e5 20. Be3 Rae8 21.
Bf2 f5 22. Qg5 f4 23. Qg4 f3 24. Ng3 fxg2 25. Rfe1 Rxf2 26. Kxf2 g1=Q+ 27. Rxg1
exd4 28. Nf5 Rf8 0-1

[Event "XXXV Festival A"]
[Site "Arco ITA"]
[Date "2013.10.13"]
[Round "2"]
[White "Castellano, Alfonso"]
[Black "Trauth, Michael"]
[WhiteElo "1915"]
[BlackElo "2182"]
[Result "0-1"]
[PlyCount "58"]
[EventDate "2013.10.12"]

1. c4 c5 2. Nc3 Nf6 3. g3 g6 4. Bg2 Bg7 5. Nf3 O-O 6. O-O d6 7. d4 cxd4 8. Nxd4
Nc6 9. Nxc6 bxc6 10. Bxc6 Rb8 11. Rb1 Bf5 12. e4 Bh3 13. Re1 Ng4 14. Nd5 Ne5
15. Bb5 Bg4 16. Re2 Nf3+ 17. Kg2 Nd4 18. Nc3 Bf3+ 19. Kg1 Nxe2+ 20. Nxe2 Bxe4
21. Ra1 Ba8 22. Nf4 e6 23. h4 a6 24. Bxa6 Bxb2 25. Bxb2 Rxb2 26. Bb5 Qf6 27.
Nd3 Rd2 28. Qf1 Qf3 29. Kh2 Rxd3 0-1

[Event "XXXV Festival A"]
[Site "Arco ITA"]
[Date "2013.10.13"]
[Round "2"]
[White "De Santis, Alessio"]
[Black "Simeone, Giulio"]
[WhiteElo "2294"]
[BlackElo "2014"]
[Result "1-0"]
[PlyCount "123"]
[EventDate "2013.10.12"]

1. b3 d5 2. Bb2 Nf6 3. Nf3 Bg4 4. d3 e6 5. Nbd2 Bc5 6. e3 O-O 7. h3 Bxf3 8.
Qxf3 Nc6 9. a3 d4 10. e4 Nd7 11. b4 Bd6 12. b5 Nce5 13. Qe2 a6 14. bxa6 Rxa6
15. Bxd4 Qa8 16. f4 Nc6 17. Be3 Rxa3 18. Rxa3 Qxa3 19. Nc4 Qa1+ 20. Kf2 Bc5 21.
g3 b5 22. Bxc5 Nxc5 23. Bg2 Qd4+ 24. Ne3 e5 25. Rb1 Na4 26. Qe1 Nc3 27. Rb3 b4
28. Kf1 Ra8 29. Nd5 Nxd5 30. exd5 Ra1 31. Rb1 Rxb1 32. Qxb1 Ne7 33. fxe5 Nxd5
34. Bxd5 Qxd5 35. Qxb4 Qf3+ 36. Ke1 Qxg3+ 37. Kd1 h5 38. Qb8+ Kh7 39. Qxc7 Qxh3
40. Qxf7 Qh1+ 41. Ke2 Qh2+ 42. Kf3 Qxe5 43. c4 h4 44. Qf4 Qh5+ 45. Qg4 Qh6 46.
Qe4+ Kg8 47. Qd5+ Kf8 48. Kg4 Qf6 49. c5 Qf2 50. Qd6+ Kf7 51. c6 g5 52. c7 Qg2+
53. Kf5 Qf3+ 54. Kxg5 Qg2+ 55. Kxh4 Qf2+ 56. Kg4 Qg2+ 57. Kf5 Qh3+ 58. Ke4 Qg2+
59. Kd4 Qf2+ 60. Kc3 Qf5 61. Kc4 Qg5 62. Kb4 1-0

[Event "XXXV Festival A"]
[Site "Arco ITA"]
[Date "2013.10.13"]
[Round "2"]
[White "Giaracuni, Claudio"]
[Black "Perman, Sergey"]
[WhiteElo "1769"]
[BlackElo "2133"]
[Result "0-1"]
[PlyCount "106"]
[EventDate "2013.10.12"]

1. d4 g6 2. Nf3 Bg7 3. Bf4 d6 4. e3 Nc6 5. c3 Nf6 6. Be2 O-O 7. O-O Nh5 8. Bg5
h6 9. Bh4 f5 10. d5 Nb8 11. Nd4 Nf6 12. Bxf6 Bxf6 13. Bf3 Bd7 14. Qb3 Qc8 15.
Nd2 Kh8 16. c4 Na6 17. Rac1 Nc5 18. Qc2 a5 19. Rfe1 Rb8 20. b3 e5 21. dxe6 Nxe6
22. Nxe6 Bxe6 23. Nb1 c6 24. Nc3 Qc7 25. g3 Rbd8 26. Red1 Qg7 27. Ne2 g5 28.
Nd4 Bc8 29. Rb1 Be5 30. Qd2 Rf7 31. Qxa5 Rdf8 32. Qd2 f4 33. Bh5 Rf6 34. g4
fxe3 35. fxe3 c5 36. Nb5 Bd7 37. Rf1 Bc6 38. Rxf6 Qxf6 39. Qe2 Kg7 40. Rf1
Bxh2+ 41. Kxh2 Qxf1 42. Qxf1 Rxf1 43. Nxd6 Rf2+ 44. Kg3 Rg2+ 45. Kh3 Rxa2 46.
Nf5+ Kf6 47. Nxh6 Re2 48. Nf5 Bd7 49. Nd6 Rxe3+ 50. Kh2 Bc6 51. Bf7 Rxb3 52.
Bg8 Rd3 53. Nf5 Rd8 0-1

[Event "XXXV Festival A"]
[Site "Arco ITA"]
[Date "2013.10.13"]
[Round "2"]
[White "Hocevar, Nikola"]
[Black "Dittmar, Peter"]
[WhiteElo "2005"]
[BlackElo "2323"]
[Result "1/2-1/2"]
[PlyCount "114"]
[EventDate "2013.10.12"]

1. d4 Nf6 2. Nf3 e6 3. e3 c5 4. c3 b6 5. Nbd2 Bb7 6. Bd3 Nc6 7. O-O Rc8 8. Re1
Be7 9. a3 d5 10. b4 O-O 11. b5 Na5 12. Bb2 Ne4 13. Rc1 c4 14. Bc2 f5 15. Ne5
Bd6 16. f4 Nxd2 17. Qxd2 Qe8 18. a4 Ra8 19. Ra1 Qe7 20. Qc1 a6 21. bxa6 Rxa6
22. Ba3 Rfa8 23. Qb2 Nc6 24. Reb1 Bxa3 25. Rxa3 Nxe5 26. fxe5 Bc6 27. Rba1 Qa7
28. Qb4 Ra5 29. Qd6 Bd7 30. R3a2 b5 31. Rb1 Ra6 32. Qe7 Be8 33. Qb4 bxa4 34.
Ra3 Kf7 35. Kf2 Qe7 36. Qxe7+ Kxe7 37. Rb7+ Bd7 38. Ke2 Kd8 39. Kd2 Kc8 40. Rb4
Kc7 41. Kc1 Rb6 42. Rxb6 Kxb6 43. Kb2 g5 44. Ra1 g4 45. Ka3 Kc7 46. g3 Rg8 47.
Kb4 Rb8+ 48. Ka3 h5 49. h4 gxh3 50. Rh1 Rg8 51. Rxh3 Rg5 52. Bd1 Be8 53. Kb4
Kb6 54. Bxa4 Bxa4 55. Kxa4 Kc6 56. Kb4 Kb6 57. Ka4 Kc6 1/2-1/2

[Event "XXXV Festival A"]
[Site "Arco ITA"]
[Date "2013.10.13"]
[Round "2"]
[White "Joerges, Frank"]
[Black "Huemmer, Bernd"]
[WhiteElo "1926"]
[BlackElo "2195"]
[Result "0-1"]
[PlyCount "57"]
[EventDate "2013.10.12"]

1. d4 Nf6 2. c4 e6 3. Nc3 Bb4 4. a3 Bxc3+ 5. bxc3 O-O 6. Qc2 d6 7. e4 e5 8. d5
Nbd7 9. h3 Nc5 10. Bd3 Bd7 11. Be3 b6 12. Bxc5 bxc5 13. Ne2 Rb8 14. O-O Qc8 15.
f4 Rb6 16. g4 Bxg4 17. hxg4 Qxg4+ 18. Kf2 exf4 19. Rh1 Qg5 20. Rag1 Ng4+ 21.
Rxg4 Qxg4 22. Rg1 Qh4+ 23. Kf3 g5 24. Qc1 Qh3+ 25. Ng3 Rfb8 26. Bf1 Qh4 27. Nf5
Qh5+ 28. Rg4 Rb1 29. Ne7+ 0-1

[Event "XXXV Festival A"]
[Site "Arco ITA"]
[Date "2013.10.13"]
[Round "2"]
[White "Kierzek, Matthias"]
[Black "Goli, Daniele"]
[WhiteElo "2236"]
[BlackElo "1971"]
[Result "1-0"]
[PlyCount "73"]
[EventDate "2013.10.12"]

1. d4 g6 2. c4 Bg7 3. e4 d6 4. Nc3 Nf6 5. Be2 c6 6. Bg5 Qc7 7. Qd2 h6 8. Be3
Ng4 9. Bxg4 Bxg4 10. h3 Bd7 11. Nf3 Na6 12. O-O g5 13. Rab1 Qc8 14. b4 Nc7 15.
b5 g4 16. hxg4 Bxg4 17. Nh2 Bd7 18. f4 f5 19. e5 d5 20. cxd5 cxd5 21. Rfc1 Qd8
22. Nf3 O-O 23. Bf2 Qe8 24. Bh4 e6 25. a4 Rc8 26. Qb2 Na8 27. a5 b6 28. Qa3 Rf7
29. axb6 axb6 30. Bf2 Bf8 31. Qa6 Qd8 32. Bh4 Qc7 33. Nxd5 Qxc1+ 34. Rxc1 Rxc1+
35. Kh2 exd5 36. Qxa8 Bxb5 37. e6 1-0